यादों के द्वीप (Record no. 989)

MARC details
000 -LEADER
fixed length control field 01043 a2200241 4500
005 - DATE AND TIME OF LATEST TRANSACTION
control field 20080903113937.0
008 - FIXED-LENGTH DATA ELEMENTS--GENERAL INFORMATION
fixed length control field 080903t xxu||||| |||| 00| 0 hin d
010 ## - LIBRARY OF CONGRESS CONTROL NUMBER
LC control number HIN-78909
020 ## - INTERNATIONAL STANDARD BOOK NUMBER
International Standard Book Number 8188093645
Terms of availability 125.00
035 ## - SYSTEM CONTROL NUMBER
System control number HN-51255
037 ## - SOURCE OF ACQUISITION
Source of stock number/acquisition D.B.Act / pub
082 ## - DEWEY DECIMAL CLASSIFICATION NUMBER
Classification number
100 ## - MAIN ENTRY--PERSONAL NAME
Personal name गुप्ता, मंजुला
245 ## - TITLE STATEMENT
Title यादों के द्वीप
Statement of responsibility, etc मंजुला गुप्ता
246 ## - VARYING FORM OF TITLE
Title proper/short title Yadon ke deep
Remainder of title Manjula Gupta
260 ## - PUBLICATION, DISTRIBUTION, ETC. (IMPRINT)
Place of publication, distribution, etc जयपुर
Name of publisher, distributor, etc ग्रन्थ विकास
Date of publication, distribution, etc 2006
270 ## - ADDRESS
Address सी-37, आदर्श नगर,राजापार्क
City जयपुर
300 ## - PHYSICAL DESCRIPTION
Extent 120पृ
Dimensions 22सेमी (सजिल्द)
650 ## - SUBJECT ADDED ENTRY--TOPICAL TERM
Topical term or geographic name as entry element कहानियाँ
650 ## - SUBJECT ADDED ENTRY--TOPICAL TERM
Topical term or geographic name as entry element Stories
942 ## - ADDED ENTRY ELEMENTS (KOHA)
Institution code [OBSOLETE] dpl
Koha item type Hindi Books
Call number prefix क / गुप्तामं
Source of classification or shelving scheme Dewey Decimal Classification
Classification part
Call number suffix गुप्तामं
Holdings
Withdrawn status Lost status Damaged status Not for loan Collection code Home library Current library Date acquired Cost, normal purchase price Total Checkouts Full call number Barcode Date last seen Uniform Resource Identifier Cost, replacement price Price effective from Koha item type
      Not For Loan Fiction D.B.Act.Division D.B.Act.Division 03/09/2008 125.00   क गुप्तामं HN-51255 15/09/2008 1054 125.00 15/09/2008 Hindi Books

© Delhi Public Library
Hit Counter
free hit counter